000 00550nam a22001817a 4500
005 20260203152500.0
008 260203b |||||||| |||| 00| 0 eng d
037 _cTB
040 _aCRL
_cCRL
084 _qCRL
100 _aKulkarni, S. D. Ed.
_91113446
245 _aPuranas: The encyclopedia of Indian history and culture
260 _aBombay, India:
_bBhagwan Ved vyasa itihasa samshodhana mandir,
_c1993.
300 _a368 p.
365 _b320.00
_cINR
942 _2CC
_cTB
_n0
999 _c1678590
_d1678590